| 000 | 00657nam a2200205 u 4500 | ||
|---|---|---|---|
| 005 | 20240214063602.0 | ||
| 008 | 121113s2009 r 000 0 eng d | ||
| 020 | _a9788477742005 | ||
| 035 | _aUPN01000188470 | ||
| 049 | _aCG | ||
| 050 | 4 |
_aPR4453 C4 _bT3.2 |
|
| 100 | 1 |
_aChesterton, G. K. _q(Gilbert Keith), _d1874-1936 _930482 |
|
| 245 | 1 | 3 |
_aLa taberna errante / _cG. K. Chesterton ; tr. Tomás González Cobos ; pról. de Santiago Alba Rico. |
| 260 |
_aMadrid : _bAcuarela : _bA. Machado, _c2009. |
||
| 300 |
_a362 p. : _bil. |
||
| 534 |
_pTítulo original : _tThe flying inn |
||
| 650 | 4 |
_aNovela inglesa _94471 |
|
| 905 | _aLibro | ||
| 999 |
_c160573 _d160573 |
||